地方交付税を貰わない自治体 - Statistics

General Stats
  • This quiz has been taken 163 times
  • The average score is 39 of 83
Answer Stats
都道府県 自治体 主な要因 % Correct
東京都 東京都(特別区含む) 人口
79%
千葉県 成田市 空港
79%
茨城県 つくば市 人口
75%
神奈川県 川崎市 工業
75%
愛知県 豊田市 工業
75%
青森県 六ヶ所村 発電関連
73%
千葉県 浦安市 観光
73%
茨城県 東海村 発電関連
72%
愛知県 *名古屋市 工業
71%
神奈川県 鎌倉市 観光
68%
神奈川県 箱根町 観光
68%
三重県 四日市市 工業
68%
北海道 泊村 発電関連
67%
新潟県 刈羽村 発電関連
67%
東京都 立川市 人口
66%
東京都 武蔵野市 人口
66%
千葉県 市川市 人口
65%
東京都 三鷹市 人口
65%
長野県 軽井沢町 観光
63%
神奈川県 藤沢市 工業
62%
愛知県 *岡崎市 工業
62%
兵庫県 芦屋市 人口
60%
東京都 調布市 人口
59%
佐賀県 玄海町 発電関連
59%
福井県 おおい町 発電関連
58%
千葉県 市原市 工業
57%
東京都 府中市 人口
57%
東京都 国分寺市 人口
57%
東京都 国立市 人口
56%
静岡県 *富士市 工業
56%
愛知県 飛島村 工業
56%
福島県 大熊町 発電関連
54%
千葉県 芝山町 空港
53%
東京都 多摩市 人口
53%
神奈川県 厚木市 工業
53%
福井県 美浜町 発電関連
53%
神奈川県 海老名市 人口
51%
福井県 高浜町 発電関連
51%
愛知県 安城市 工業
50%
愛知県 小牧市 工業
50%
大阪府 田尻町 空港
50%
東京都 小金井市 人口
48%
茨城県 神栖市 工業
47%
千葉県 君津市 工業
47%
愛知県 刈谷市 工業
45%
愛知県 東海市 工業
45%
埼玉県 和光市 人口
44%
東京都 *小平市 人口
44%
愛知県 長久手市 人口
44%
埼玉県 戸田市 人口
42%
東京都 昭島市 人口
41%
静岡県 御殿場市 観光
41%
愛知県 碧南市 工業
41%
愛知県 日進市 人口
41%
埼玉県 *朝霞市 人口
40%
静岡県 湖西市 工業
39%
山梨県 忍野村 工業
38%
愛知県 大府市 工業
38%
愛知県 みよし市 工業
38%
三重県 川越町 工業
38%
愛知県 高浜市 工業
34%
新潟県 聖籠町 発電関連
33%
千葉県 袖ヶ浦市 工業
32%
愛知県 豊山町 空港
32%
福岡県 苅田町 工業
32%
京都府 久御山町 工業
31%
山梨県 昭和町 工業
30%
埼玉県 八潮市 工業
29%
愛知県 *田原市 工業
29%
愛知県 武豊町 工業
28%
山梨県 山中湖村 工業
24%
静岡県 長泉町 工業
24%
千葉県 印西市 工業
23%
愛知県 幸田町 工業
23%
福島県 広野町 発電関連
22%
神奈川県 寒川町 人口
22%
福島県 西郷村 工業
20%
東京都 *瑞穂町 人口
20%
愛知県 大口町 工業
20%
宮城県 大和町 工業
17%
群馬県 明和町 工業
16%
埼玉県 三芳町 工業
14%
福島県 新地町 工業
13%
No matching quizzes found
Score Distribution
Percent of People with Each Score
Percentile by Number Answered
Your Score History
You have not taken this quiz